| 000 | 00000nam##2200000za#4500 |
| 001 | 9.636055 |
| 003 | CaOODSP |
| 005 | 20210624220545 |
| 007 | cr ||||||||||| |
| 008 | 150407|2008||||xxc|||||o f|0| 0 fre|d |
| 020 | |a978-1-100-90671-3 |
| 040 | |aCaOODSP|bfre |
| 043 | |an-cn--- |
| 086 | 1 |aFs23-526/2008F-PDF |
| 110 | 1 |aCanada. |bMinistère des pêches et des océans. |
| 245 | 10|aPêches et Océans Plan de recherche quinquennal (2008-2013) |h[ressource électronique] |
| 260 | |aOttawa - Ontario : |bPêches et Océans Canada |cc2007. |
| 300 | |a30p.|bfigure |
| 590 | |a12-24-Supp|b2012-05-30 |
| 691 | 07|aGestion stratégique|2gcpds |
| 691 | 07|aRecherche scientifique|2gcpds |
| 775 | 08|tFisheries and Oceans Canada Five Year Research Plan (2008-2013) |w(CaOODSP)9.691743 |
| 856 | 40|ahttp://publications.gc.ca|qPDF|s853 Ko|uhttps://publications.gc.ca/collections/collection_2011/mpo-dfo/Fs23-526-2008-fra.pdf |
| 986 | |aMPO/2008-1525 |